| 000 | 00326nam a2200121Ia 4500 | ||
|---|---|---|---|
| 008 | 150201s2012 xx 000 0 und d | ||
| 082 |
_a620.112 _bRAJ |
||
| 100 | _aRajput.R.K. | ||
| 245 | _aStrength of materials : (mechanics of solids) in SI units | ||
| 260 |
_bS.Chand _aN.Delhi _c2012 |
||
| 300 | _a1448p. | ||
| 942 |
_2ddc _cBK _06 |
||
| 999 |
_c5523 _d5523 |
||